Rekordtorjäger der Europameisterschaft - Statistiken

Allgemein
  • Dieses Quiz wurde 195 mal gespielt
  • Das Durchschnittsergebnis liegt bei 13 aus 21
Antwortstatistiken
Euro Teilnamen Land Tore Antwort % Korrekt
2004 - 2021 Portugal 14 Cristian Ronaldo
100%
2012 - 2021 Polen 5 Robert Lewandowski
87%
2016, 2021 Belgien 6 Romelu Lukaku
84%
2004 - 2016 Schweden 6 Zlatan Ibrahimovic
82%
2016, 2021 Frankreich 7 Antoine Griezmann
76%
2004 - 2012 Spanien 5 Fernando Torres
73%
1988, 1992 Niederlande 5 Marco van Basten
72%
2000 - 2008 Frankreich 6 Thierry Henry
72%
2008 - 2016 Deutschland 5 Mario Gomez
71%
2021 Tschechien 5 Patrik Schick
71%
2004, 2012, 2016 England 6 Wayne Rooney
70%
1984 Frankreich 9 Michel Platini
63%
1996 - 2004 Frankreich 5 Zinedine Zidane
63%
2004, 2008 Niederlande 6 Ruud van Nistelrooy
58%
1992 - 2000 England 7 Alan Shearer
56%
1988 - 1996 Deutschland 5 Jürgen Klinsmann
53%
2016, 2021 Spanien 6 Alvaro Morata
49%
1996, 2000 Niederlande 6 Patrick Kluivert
32%
2004 - 2012 Tschechien 5 Milan Baros
30%
2000 - 2008 Portugal 6 Nuno Gomes
17%
2000 Jugoslawien 5 Savo Milosevic
6%
Keine übereinstimmenden Quizze gefunden
Verteilung der Resultate
Anzahl Personen mit jedem Resultat
Perzentil nach korrekt beantworteten Fragen
Ihre Resultats-Entwicklung
Sie haben dieses Quiz noch nicht gespielt